000 00310nam a22001337a 4500
008 170922b xxu||||| |||| 00| 0 eng d
020 _a0419171908
041 _aeng
080 _a37
100 _a46
101 _aEDU
245 _aGOOD STYLE WRITING FOR SCIENCE AND TECHNOLOGY
_cKIRKMAN,J
942 _2udc
_cBK
999 _c28962
_d28962